LEADER 01166nam2 22002651i 450 001 UON00417626 005 20231205104808.118 100 $a20130206f1971 |0itac50 ba 101 $aeng 102 $aGB 105 $a|||| 1|||| 200 1 $aˆA ‰Short introduction to moral philosophy (1747)$fFrancis Hutcheson 210 $aHildesheim$cGeorg Olms$d1969 215 $a347 p.$d22 cm. 461 1$1001UON00417624$12001 $aCollected works of Francis Hutchenson$1210 $aHildesheim$cGeorg Olms$d1971$1215 $a7 v.$d22 cm. 606 $aLETTERATURA INGLESE$xSec. 18.$3UONC065290$2FI 620 $aDE$dHildesheim$3UONL000317 676 $a820.09$cLetteratura inglese e in antico inglese. Storia, descrizione, studi critici$v21 700 1$aHUTCHESON$bFrancis$3UONV115980$0122991 801 $aIT$bSOL$c20240220$gRICA 899 $aSIBA - SISTEMA BIBLIOTECARIO DI ATENEO$2UONSI 912 $aUON00417626 950 $aSIBA - SISTEMA BIBLIOTECARIO DI ATENEO$dSI Angl IV C 0533 $eSI SI 5698/3 5 0533 $sBuono 996 $aShort introduction to moral philosophy (1747$91185416 997 $aUNIOR LEADER 01241nam 2200301la 450 001 9910481489903321 005 20230503102725.0 035 $a(UK-CbPIL)2090362521 035 $a(CKB)5500000000105617 035 $a(EXLCZ)995500000000105617 100 $a20230503d1564 uy | 101 0 $alat 135 $aurcn||||a|bb| 200 10$aCanones, et decreta sacrosancti oecumenici et generalis Concilii Tridentini, sub Paulo 3., Iulio 3., et Pio 4., pontificibus max. Index dogmatum, & reformationes 210 $aRome $cPaolo Manuzio, 1512-1574$d1564 215 $aOnline resource (335 [i.e. 337], [57] p., 8o) 300 $aReproduction of original in Biblioteca Nazionale Centrale di Firenze. 700 $aFilesac$b Jean$f1556-1638.$0883749 701 $aPaul$cPope,$f1468-1549.$0980646 701 $aPius$cPope,$f1499-1565.$0980647 701 $aJulius$cPope,$f1487-1555.$0980648 701 $aManuzio$b Paolo$f1512-1574.$0327584 801 0$bUk-CbPIL 801 1$bUk-CbPIL 906 $aBOOK 912 $a9910481489903321 996 $aCanones, et decreta sacrosancti oecumenici et generalis Concilii Tridentini, sub Paulo 3., Iulio 3., et Pio 4., pontificibus max. Index dogmatum, & reformationes$92237770 997 $aUNINA